• 首页
  • 本馆介绍
  • 公告通知
  • 最新文献
  • 馆藏检索
  • 电子资源
  • 读者导购
  • 参考咨询
  • 我的图书馆
  • 登录
  • 详细信息显示
  • 放入我的书架
  • 预约/预借图书
  • 作者相关作品
  • 分类相关作品
  • 丛书相关作品
  • 出版社相关作品

书目信息

  • 表格格式
  • 工作单格式
  • 卡片格式
题名:
中国古代砖雕
    
 
作者: 王辉 编著
分册:  
出版信息: 北京   中国商业出版社  2019.4
页数: 180页
开本: 23cm
丛书名: 中国传统民俗文化丛书
单 册:
中图分类: J314.9
科图分类:
主题词: 砖--装饰雕塑--介绍--中国--古代
电子资源:
ISBN: 978-7-5044-8521-2
000 00967nam 2200289 45
001 012001001265
005 20130911084551.0
010    @a978-7-5044-8521-2@dCNY25.00
099    @aCAL 012016043856
100    @a20160418d2015 em y0chiy0110 ea
101 0  @achi
102    @aCN@b110000
105    @aa a 000yy
106    @ar
200 1  @a中国古代砖雕@AZhong Guo Gu Dai Zhuan Diao@f王辉编著
210    @a北京@c中国商业出版社@d2019.4
215    @a180页@c图@d23cm
225 2  @a中国传统民俗文化丛书@AZhong Guo Chuan Tong Min Su Wen Hua Cong Shu@i古代收藏系列@v16
320    @a有书目 (第180页)
330    @a本书收集中国砖雕艺术相关知识,全书分为:砖雕介绍、砖雕题材、砖瓦雕塑艺术、砖雕地域特色等四部分。
461  0 @12001 @a中国传统民俗文化丛书
462  0 @12001 @a古代收藏系列
606 0  @a砖@x装饰雕塑@x介绍@y中国@z古代
690    @aJ314.9@v5
701  0 @a王辉@AWang Hui@4编著
801    @aCN@b江苏凤凰@c20211018
905    @b1342832-5@dJ314.9@e51@f4
    
    中国古代砖雕/王辉编著.-北京:中国商业出版社,2019.4
    180页:图;23cm.-(中国传统民俗文化丛书.古代收藏系列;16)
    
    
    ISBN 978-7-5044-8521-2:CNY25.00
    本书收集中国砖雕艺术相关知识,全书分为:砖雕介绍、砖雕题材、砖瓦雕塑艺术、砖雕地域特色等四部分。
●
相关链接 在E读中查询图书 在五车中查询图书 在当当中查询图书 在豆瓣中查询图书


正题名:中国古代砖雕     索取号:J314.9/51         预约/预借

序号 登录号 条形码 馆藏地/架位号 状态 备注
1 1342832   213428325   第一样本阅览室/ [索取号:J314.9/51] 在馆    
2 1342833   213428334   第一借阅区/ [索取号:J314.9/51] 在馆    
3 1342834   213428343   第一借阅区/ [索取号:J314.9/51] 在馆    
4 1342835   213428352   第一借阅区/ [索取号:J314.9/51] 在馆    
唐山师范学院图书馆 欢迎您!
大连网信软件有限公司© 版权所有